000 00726nam a2200193Ia 4500
008 250926t2010||||xx |||||||||||||| ||spa||
040 _agtgcusco
_bspa
_cgtgcusco
_dgtgcusco
041 _aspa
084 _aEPS185
100 _aFlores Flores, Mario Roberto
_914675
245 0 _aInforme final de EPS municipio de Tiquisate, Escuintla julio 2009-junio 2010.
260 _aGuatemala :
_bUSAC,
_c2010
300 _a68p. :
_bil. :
_c27 cm.
336 _atexto
_btxt
_2rdacontenido
337 _aSin mediación
_bn
_2rdamedio
338 _avolumen
_bnc
_2rdasoporte
502 _aEPS (Cirujano Dentista) -- Universidad de San Carlos de Guatemala, Facultad de Odontología. --
942 _aBiblioteca Facultad de Odontología
_cEPS
_kEPS185
999 _c8897
_d8897